000 01088nam a2200253Ia 4500
003 OSt
005 20220923211519.0
006 a|||||r|||| 00| 0
007 ta
008 220922b |||||||| |||| 00| 0 hin d
020 _a9789380618340 (hbk)
_c795
024 _a244,242
037 _b332, 02/12/2010, Eastern Book Linkers
_cTextual
040 _aARTS
_cARTS
_bhin
041 _2hin
_ahin
082 _aQ2, 152Q0
100 _aनाडकर्णि, एम. व्ही.; अंबेकर, परिमला, अनु.
_9160664
245 0 _aहिन्दूधर्म
_b गांधी के दृष्टिकोण से
246 _aHindūdharma: gāandhī ke dṛuṣhṭikoṇ se
260 _aनयी दिल्ली
_b एने बुक्स प्राइवेट लिमिटिड
_c2010
300 _a376पृ.
_ccm.
942 _hQ2, 152Q0
_cTEXL
_2CC
999 _c300295
_d300295